| 000 | 00812nam a22002415i 4500 | ||
|---|---|---|---|
| 001 | 11327 | ||
| 003 | ES-MaACL | ||
| 005 | 20230906150057.0 | ||
| 007 | t| | ||
| 008 | 950703s1995 sp ||||0| spa j | ||
| 020 | _a84-87736-15-7 | ||
| 040 |
_aM-BN _bspa _cM-BN |
||
| 080 | _a65.012.2 | ||
| 100 | 1 |
_aLewis, James P. _972057 |
|
| 245 | 1 | 0 |
_aPlanificación, programación y control de proyectos _b: guía práctica para una gestión de proyectos eficientes / _cJames P. Lewis. |
| 260 |
_aBarcelona : _bEdiciones S, _cD.L. 1995. |
||
| 300 |
_aXVI, 275 p : _bgráf ; _c24 cm. |
||
| 500 | _aTraducción de: Project planning, scheduling & control. | ||
| 504 | _aBibliografía: p. 271-275. | ||
| 650 | 1 | 4 |
_aPlanificación de proyectos. _916110 |
| 852 |
_aES-MaACL _jL-18672 _bR.124680 |
||
| 999 |
_c11327 _d11327 |
||